Stavba motorových vozidel 1. časť Podvozkové časti automobilov

Bibliographic Details
Main Author: Močkoř, Roman, 1934- (Author)
Format: Book
Language:Slovak
PhysicalDescription:279 s. fotogr., grafy, sch. 29 cm
Published: Bratislava Slovenská vysoká škola technická 1976
Edition:1. vyd.
Subjects:

MARC

LEADER 00000cam a2200000 a 4500
001 vtls001314143
003 SK-MaSNL
005 20260301155845.0
008 240315s1976 xo oda frnp 00000 slo
015 |a SNBA1976/10 
020 |q (brož.) 
035 |a SNK000266580 
040 |a SNK  |b slo  |c SNK  |e AACR2 
041 0 |a slo 
044 |a xo  |c SK 
072 7 |a 629  |x Dopravné prostriedky  |2 konspekt 
072 7 |a 37.016  |x Učebné osnovy. Vyučovacie predmety. Učebnice  |2 konspekt 
080 |a 629.113.011.1(075.8)  |2 1981 
080 |a 378:629.113.011.1(075.8)  |2 1981 
080 |a 629.33  |2 2011 
080 |a 629.3.023.1  |2 2011 
080 |a (075.8)  |2 2011 
100 1 |a Močkoř, Roman,  |d 1934-  |4 aut  |9 45828 
245 1 0 |a Stavba motorových vozidel  |n 1. časť  |p Podvozkové časti automobilov  |c Roman Močkoř 
246 3 0 |a Podvozkové časti automobilov 
250 |a 1. vyd. 
260 |a Bratislava  |b Slovenská vysoká škola technická  |c 1976 
300 |a 279 s.  |b fotogr., grafy, sch.  |c 29 cm 
366 |e 100 kusov 
500 |a 1. dotlač 
504 |a Obsahuje bibliografiu 
650 0 7 |a motorové vozidlá  |2 SNKPH  |9 1587 
650 0 7 |a podvozky  |2 SNKPH  |9 18544 
655 7 |a učebnice vysokých škôl  |2 SNKPH  |9 70191 
852 |a Slovenská národná knižnica 
954 |a odborná, vedecká literatúra pôvodná (slovenská)  |2 lita 
958 |a RK 
958 |a TL 
958 |a NB 
958 |a OND 
958 |a UV 
999 |c 803000  |d 804930 
952 |a SNK  |b SNK  |y PREZ  |7 0  |p 17A0942099  |o snkSB 23999/1  |0 0  |1 0  |4 0  |d 2012-07-25  |f 1  |l 0  |r 2025-03-27 00:00:00  |w 2026-02-24 
952 |t P60, <04>, [BOOK], {604}  |a SNK  |b SNK  |y VYP  |7 0  |p 17A0114802  |o snkSB 23999/1 D1  |0 0  |1 0  |4 0  |d 1997-12-10  |l 0  |r 2005-01-02 00:00:00  |w 2026-02-24